| 000 | 02417nam0a2200409 4500 | ||
|---|---|---|---|
| 001 | RU\NLR\BIBL_A\012490417 | ||
| 005 | 20220816115239.0 | ||
| 010 |
_a978-5-02-040819-7 _9500 |
||
| 021 |
_aRU _bКН-П-20-074475 _9КН-П-20-5604 |
||
| 035 | _a(NLR Aleph) 012490417 | ||
| 035 | _a(RuMoRGB)010490411 | ||
| 090 |
_a12176210 _c12176210 |
||
| 100 | _a20210330d2020 k y0rusy50 ca | ||
| 101 | 0 | _arus | |
| 102 | _aRU | ||
| 105 | _aa|||z|||000zy | ||
| 181 | 0 |
_ai3 _baxxe |
|
| 182 | 0 | _an | |
| 200 | 1 |
_aПроблема эквивалентного перевода поэмы "Сновидение шамана" А. Е. Кулаковского _eмонография _fН. Г. Гаврильева _gответственный редактор доктор филологических наук Н. Н. Тобуроков _gМинистерство образования и науки Российской Федерации, Северо-Восточный федеральный университет им. М. К. Аммосова |
|
| 203 |
_aТекст _bвизуальный _cнепосредственный |
||
| 210 |
_aМосква _cНаука _d2020 |
||
| 215 |
_a186, [4] с. _cил., табл. _d23 |
||
| 320 | _aБиблиогр. в подстроч. примеч. | ||
| 500 | 1 | 0 |
_6z11702 _aСновидение шамана _lПоэма |
| 604 |
_1700#1$aКулаковский$bА. Е.$gАлексей Елисеевич$f1877 - 1926 _1500##$a"Сон шамана"$xПереводы на русский язык$2nlr_sh2$3RU\NLR\AUTH\6601704513 _aКулаковский, Алексей Елисеевич (1877 - 1926) _t"Сон шамана" _xПереводы на русский язык _92512862 _3RU\NLR\AUTH\6601704513 |
||
| 606 | 1 |
_aРусская советская литература _xСвязи _xЯкутская литература _92512867 _3RU\NLR\AUTH\6601704516 |
|
| 686 | 1 | _aШ5(2=Я)7-4Кулаковский | |
| 686 | 2 | _aШ5(2=Р)7-318.1 | |
| 700 | 1 |
_aГаврильева _bН. Г. _gНадежда Гариевна |
|
| 702 | 1 |
_4570 _6z11500 _7ca _8rus _aКулаковский _bА. Е. _f1877-1926 _gАлексей Елисеевич _938538 _3RU\NLR\AUTH\7755606 |
|
| 942 | _cBOOK | ||
| 980 | _aNBR | ||
| 980 | _aNB | ||